| 000 | 02099cam a2200289 i 4500 | ||
|---|---|---|---|
| 001 | 7707 | ||
| 003 | DO-SdUEMH | ||
| 005 | 20260102210539.0 | ||
| 007 | ta | ||
| 008 | 211106s1989 dr gr 000 0 spa d | ||
| 040 |
_aDO-SdUEMH _bspa _erda |
||
| 041 | _aspa | ||
| 082 | 1 | 4 |
_mRD _bL925c |
| 100 |
_aLozano, Wilfredo[Et...al] _eaut |
||
| 245 | 1 | 0 |
_aCiencias Sociales en la República Dominicana : _bSociología, Demografía, Economía : Evolución y Bibliografía / _cWilfredo Lozano, Nelson Ramírez, Bernardo Vega |
| 260 | _aRepública Dominicana Fundación Friedrich Ebert,1989. | ||
| 264 | 0 | 1 |
_aSanto Domingo, República Dominicana : _bFundación Friedrich Ebert, _c1889 |
| 264 | 0 | 1 | _c©1889 |
| 300 |
_a286 páginas : _bilustraciones ; _c22 cm. |
||
| 336 |
_2rdacontent _atexto _btxt |
||
| 337 |
_2rdamedia _asin mediación _bn |
||
| 338 |
_2rdacarrier _avolumen _bnc |
||
| 505 | 2 | _aLa sociología dominicana: una evaluación / Wilfredo Lozano, en colaboración con Ivette Sabbagh: El desarrollo de la sociología en República Dominicana -- Los grandes paradigmas de la teoría social en República Dominicana -- Las grandes problemáticas de investigación sociológica en República Dominicana -- El marco institucional de a sociología dominicana en la actualidad -- Sociólogos y sociedad: un perfil -- La demografía en la República Dominicana: una evaluación / Nelson, en colaboración con Marisela Duval: El marco sociopolítico e institucional de la demografía en República Dominicana -- Antecedentes y evolución reciente de la investigación en población en el país -- Situación de los recursos humanos en demografía -- La carrera de economista en la República Dominicana / Bernardo Vega, en colaboración con Maritza Amalia Guerrero y Milady Santana: Los primeros economistas -- La era de Trujillo -- Los primeros años de libertad (1962-65) -- La enseñanza de la economía en las universidades dominicana -- La investigación -- Ocupaciones de los economistas en la República Dominicana -- Anexos. | |
| 650 | _aECONOMÍA | ||
| 942 |
_aBK _2ddc _cBK _n0 |
||
| 999 |
_c7707 _d7707 |
||